00609nam a2200217Ia 450000500170000000800410001702000150005808200210007310000140009424500400010826000370014830000150018565000100020065000130021065000130022365000230023665000140025994200060027395200970027999900150037620250205052711.0240331s9999 xx 000 0 und d a8170990858 bPAN25416a305.4 aPandey, R 0aWomen from Subjection to Liberation aDelhibMittal Publicationsc1989 ax, 232 p., aWomen aSociety  aFeminism aWomen's Liberation aSex Roles cL 001040708LaWERCLbWERCLcSSCd2024-03-31l0o 305.4 PANp5416r2024-03-31w2024-03-31yL c1685d1685